| Tag |
First Indicator |
Second Indicator |
Subfields |
| LEADER |
00000cam a2200000 a 4500 |
| 001 |
in00004469721 |
| 005 |
20191202142942.0 |
| 008 |
731009s1975 ilua b 001 0 eng |
| 010 |
|
|
|a 73017394
|
| 020 |
|
|
|a 0398030561
|
| 035 |
|
|
|a (OCoLC)00730760
|
| 035 |
|
|
|9 AAD3993MS
|
| 035 |
|
|
|z (UtOrBLW)10246
|
| 035 |
|
|
|a 19003
|
| 040 |
|
|
|a DLC
|c DLC
|d m.c.
|d TMV
|d UtOrBLW
|
| 049 |
|
|
|a TMVM
|c 1 [1137661]
|c 2 [1137662]
|
| 050 |
0 |
0 |
|a RC113.5
|b .H8 1975
|
| 060 |
|
0 |
|a WC100 H876d 1973
|
| 060 |
|
4 |
|a WC 950
|b H913d 1975
|
| 100 |
1 |
|
|a Hubbert, William T.
|
| 245 |
1 |
0 |
|a Diseases transmitted from animals to man /
|c compiled and edited by William T. Hubbert, William F. McCulloch, Paul R. Schnurrenberger.
|
| 250 |
|
|
|a Sixth edition.
|
| 264 |
|
1 |
|a Springfield, Ill., U.S.A. :
|b C.C. Thomas,
|c [1975]
|
| 264 |
|
4 |
|c ©1975
|
| 300 |
|
|
|a xxviii, 1206 pages :
|b illustrations ;
|c 27 cm.
|
| 336 |
|
|
|a text
|2 rdacontent
|b txt
|
| 337 |
|
|
|a unmediated
|2 rdamedia
|
| 338 |
|
|
|a volume
|2 rdacarrier
|b nc
|
| 500 |
|
|
|a Previous editions edited by T.G. Hull.
|
| 504 |
|
|
|a Includes bibliographical references and index.
|
| 505 |
0 |
|
|a Bacterial diseases -- Mycotic diseases -- Parasitic diseases -- Viral diseases -- Noninfectious diseases -- General
|
| 520 |
8 |
|
|a Veterinary medicine related
|
| 650 |
|
2 |
|a Zoonoses.
|
| 700 |
1 |
|
|a McCulloch, William F.
|
| 700 |
1 |
|
|a Schnurrenberger, Paul R.
|
| 700 |
1 |
|
|a Hull, Thomas G.
|q (Thomas Gordon),
|d 1889-
|t Diseases transmitted from animals to man.
|
| 948 |
|
|
|a ACDE evaluation: Keep all per selector (ec); vet. med. tie-zoonoses;
|
| 948 |
|
|
|a Keep per EC, 2003 evaluation; retention reasons in 505, 520, 599, or 650 fields; 11/17/2003, sg.
|
| 999 |
|
|
|a MARS
|
| 999 |
f |
f |
|s 49537136-23ff-314e-8295-6da5f30a086d
|i 4e4cf58b-35db-34c1-9f63-78504660826a
|t 0
|
| 952 |
f |
f |
|p ric
|a Texas A&M University
|b Rellis Campus
|c Joint Library Facility
|d Remote Storage
|t 0
|e WC 950 H913d 1975
|h National Library of Medicine classification
|i unmediated -- volume
|m 323890079169E
|
| 998 |
f |
f |
|a WC 950 H913d 1975
|t 0
|l Remote Storage
|